000 00605nam a2200169Ia 4500
008 110201s9999 xx 000 0 und d
082 _bB5017
_aK 1836
100 _aपांढरीपांडे विजय
245 _aजो तो पथ चुकलेला
260 _bमेहता पब्लिक हा.
365 _b40
600 _aपांढरीपांडे विजय
630 _aजो तो पथ चुकलेला
700 _aपांढरीपांडे विजय
730 _aजो तो पथ चुकलेला
942 _cBOOK
999 _c831085
_d831082